| 000 | 00000nas 2200000za 4500 |
| 001 | 9.505778 |
| 003 | CaOODSP |
| 005 | 20221107133527 |
| 007 | cr ||||||||||| |
| 008 | 150406d20042017qucar p o f0 a0eng|d |
| 040 | |aCaOODSP|beng |
| 043 | |an-cn--- |
| 086 | 1 |aTU1-2E-PDF |
| 245 | 00|aStatistical summary, railway occurrences |h[electronic resource]. |
| 260 | |aGatineau : |bTransportation Safety Board of Canada,|c[2005-2018] |
| 310 | |aAnnual |
| 362 | 1 |aBegan with 2004; ceased with 2017. |
| 500 | |aIssued also in French under title: Sommaire statistique des événements ferroviaires. |
| 500 | |aIncludes appendices (2004-2014 data). |
| 515 | |aThe 2012, 2016 and 2017 issues are available in HTML format only. |
| 520 | 3 |aProvides users of Canadian railway safety data with an annual summary of selected statistics on rail occurrences. It covers federally regulated railways only. |
| 690 | 07|aRailway accidents|2gcpds |
| 710 | 2 |aTransportation Safety Board of Canada. |
| 775 | 08|tSommaire statistique des événements ferroviaires |w(CaOODSP)9.502183 |
| 776 | 0#|tStatistical summary, railway occurrences |w(CaOODSP)9.515747 |
| 785 | 00|tStatistical summary, rail transportation occurrences in … |w(CaOODSP)9.875417 |
| 856 | 40|qHTML|sN/A|uhttps://www.tsb.gc.ca/eng/stats/rail/stats.html |